Introduction to Geomicrobiology (Record no. 4368)

MARC details
000 -LEADER
fixed length control field 01671cam a22003854a 4500
001 - CONTROL NUMBER
control field 13983689
003 - CONTROL NUMBER IDENTIFIER
control field OSt
005 - DATE AND TIME OF LATEST TRANSACTION
control field 20190905164633.0
008 - FIXED-LENGTH DATA ELEMENTS--GENERAL INFORMATION
fixed length control field 050526s2007 mauaf b 001 0 eng
010 ## - LIBRARY OF CONGRESS CONTROL NUMBER
LC control number 2005015459
015 ## - NATIONAL BIBLIOGRAPHY NUMBER
National bibliography number GBA582312
Source bnb
016 7# - NATIONAL BIBLIOGRAPHIC AGENCY CONTROL NUMBER
Record control number 013301739
Source Uk
020 ## - INTERNATIONAL STANDARD BOOK NUMBER
International Standard Book Number 0632054549 (pbk. : alk. paper)
020 ## - INTERNATIONAL STANDARD BOOK NUMBER
International Standard Book Number 9780632054541 (pbk. : alk. paper)
020 ## - INTERNATIONAL STANDARD BOOK NUMBER
International Standard Book Number 9780632054541
035 ## - SYSTEM CONTROL NUMBER
System control number (OCoLC)ocm60557335
035 ## - SYSTEM CONTROL NUMBER
System control number (OCoLC)60557335
Canceled/invalid control number (OCoLC)61757179
040 ## - CATALOGING SOURCE
Original cataloging agency DLC
Transcribing agency DLC
Modifying agency BAKER
-- UKM
-- C#P
-- IXA
-- DLC
042 ## - AUTHENTICATION CODE
Authentication code pcc
050 00 - LIBRARY OF CONGRESS CALL NUMBER
Classification number QR103
Item number .K66 2007
082 00 - DEWEY DECIMAL CLASSIFICATION NUMBER
Classification number QW 4
Item number K837i 2007
100 1# - MAIN ENTRY--PERSONAL NAME
Personal name Konhauser, Kurt.
9 (RLIN) 9410
245 10 - TITLE STATEMENT
Title Introduction to Geomicrobiology
260 ## - PUBLICATION, DISTRIBUTION, ETC. (IMPRINT)
Place of publication, distribution, etc. Malden, MA :
Name of publisher, distributor, etc. Blackwell Pub.,
Date of publication, distribution, etc. 2007.
300 ## - PHYSICAL DESCRIPTION
Extent x, 425 p., [8] p. of plates :
Other physical details col.ill ;
Dimensions 25 cm.
504 ## - BIBLIOGRAPHY, ETC. NOTE
Bibliography, etc Includes bibliographical references (p. [350]-405) and index.
505 0# - FORMATTED CONTENTS NOTE
Formatted contents note Microbial properties and diversity -- Microbial metabolism -- Cell surface reactivity and metal sorption -- Biomineralization -- Microbial weathering -- Microbial zonation -- Early microbial life.
650 #0 - SUBJECT ADDED ENTRY--TOPICAL TERM
Topical term or geographic name as entry element Geomicrobiology.
9 (RLIN) 9411
856 41 - ELECTRONIC LOCATION AND ACCESS
Materials specified Table of contents
Uniform Resource Identifier http://www.loc.gov/catdir/toc/ecip0513/2005015459.html
856 42 - ELECTRONIC LOCATION AND ACCESS
Materials specified Contributor biographical information
Uniform Resource Identifier http://www.loc.gov/catdir/enhancements/fy0802/2005015459-b.html
856 42 - ELECTRONIC LOCATION AND ACCESS
Materials specified Publisher description
Uniform Resource Identifier http://www.loc.gov/catdir/enhancements/fy0802/2005015459-d.html
906 ## - LOCAL DATA ELEMENT F, LDF (RLIN)
a 7
b cbc
c orignew
d 1
e ecip
f 20
g y-gencatlg
942 ## - ADDED ENTRY ELEMENTS (KOHA)
Source of classification or shelving scheme Dewey Decimal Classification
Koha item type Open Shelf
Holdings
Withdrawn status Lost status Source of classification or shelving scheme Damaged status Not for loan Home library Current library Date acquired Source of acquisition Inventory number Total Checkouts Full call number Barcode Date last seen Koha item type
    Dewey Decimal Classification     MUST Main Library MUST Main Library 16/06/2016 Purchase 07/28699   QW4 K837i 2007 2016-2511 16/06/2016 Open Shelf